Financial stability report 2005 Czech National Bank

Enregistré dans:
Détails bibliographiques
Format: Livre
Langue:anglais
Publié: Praha Czech National Bank 2005
Sujets:
Tags: Ajouter un tag
Pas de tags, Soyez le premier à ajouter un tag!

MARC

LEADER 00000nam$a2200000$$$4500
001 0051007
005 20221129082558.8
041 0 |a eng 
044 |a CZ 
245 1 0 |a Financial stability report 2005  |b Czech National Bank 
264 1 |a Praha  |b Czech National Bank  |c 2005 
300 |a 108 s. 
610 2 0 |a banky 
610 2 0 |a bankovníctvo 
610 2 0 |a makroekonomika 
610 2 0 |a trh finančný 
610 2 0 |a domácnosti 
610 2 0 |a politika finančná 
610 2 0 |a porovnanie medzinárodné 
610 2 0 |a poisťovne 
610 2 0 |a fondy penzijné 
610 2 0 |a trh kapitálový 
610 2 0 |a infraštruktúra 
610 2 0 |a financie 
610 2 0 |a Česko 
610 2 0 |a ČNB Praha 
610 2 0 |a 2005